000 00778cab a2200253 4500
001 WB2932-06
008 090401t1993 xxu||||| |||| 00| 0 eng d
035 _a(Sirsi) u11452
041 _aeng
100 _aPatterson, T.
245 _aCross-border commercial investment
260 _c1993
350 _a0
490 _aCSW - The Property Week
_v44(10) 2 September 1993, 53(1)
520 _aDiscusses cross-border investment in Europe, focusing on commercial lease terms in France, Spain, Monaco and the UK.
650 _aCROSS-BORDER INVESTMENT
650 _aEUROPE
650 _aFEES
650 _aLEASE TERMS
650 _aSTAMP DUTIES
690 _aPROPERTY-COMMERCIAL PROPERTY-COMMERCIAL PROPERTY FINANCE AND INVESTMENT
942 _n0
948 _c04/03/1997
999 _c7302
_d7302